1456 1587 1015 1773 1499 1626 1531 1488 1308 1561 1925 1838 1367 1740 1203 1422 1576 1454 1475 1562 1508 1255 1823 1673 1989 1826 1848 1356 1362 1132 1455 1224 1563 1622 1906 1012 1371 1452 1011 1325 1358 1913 1813 1421 1364 1741 1108 1850 1644 1711 1656 1963 1992 1221 1539 1003 1698 1103 1185 1686 1079 1368 1393 1860 1691 1587 1293 1374 1964 1289 1142 1400 1209 1351 1028 1944 1465 1296 1530 1895 1726 1567 1029 1304 1537 1496 1886 1520 1399 1489 1910 1536 1745 1231 1988 1495 1607 1732 1003 BCNSPRNW ULIB Ver.6.0+V

เปลี่ยนเป็นภาษาไทย

Change to English
 แสดงรายละเอียดบรรณานุกรม
  กลับหน้าหลัก

Brief Record : Get Marc (ISO 2709) : E-mail record : QR code < ปิดหน้าต่าง
LEADER : 00000nam 2200000uu 4500
001    13399111712
003     ULIB
008    110706s2549||||th 000 0 tha d
050 04 BQ4570^bอ679ด 2549
100 0  พระอาจารย์อำนาจ โอภาโส
245 10 ดุจวิถี..นายช่างร้อยดอกไม้ /^cพระอาจารย์อำนาจ โอภาโส
260    นนทบุรี :^bโรงพิมพ์สไมล์สยาม,^c2549
300    51 หน้า
650  7 ธรรมะ
650  7 ธรรมะกับชีวิต
945    ^p0^l0^i019312
995    ทศพร
999 ^a ใช้งานได้ทุกระบบ
รายการนี้ยังไม่มีแท็ก
คุณยังไม่ได้ล็อกอิน คุณสามารถมีกิจกรรมร่วมกับเว็บไซต์ได้ แต่ต้องล็อกอินก่อน ::
  ล็อกอิน

รายการสื่อสารสนเทศ

ลำดับที่ ประเภท เลขเรียก/บาร์โค้ด สถานที่ สถานะ
- ไม่พบข้อมูล -

รายการใกล้เคียง
    ผู้แต่ง [พระอาจารย์อำนาจ โอภาโส]

    หัวเรื่อง [ธรรมะ]
    หัวเรื่อง [ธรรมะกับชีวิต]

BibComment


ยังไม่เคยถูกคอมเมนท์

คอมเมนท์ทรัพยากรรายการนี้
  คอมเมนท์: ดุจวิถีนายช่างร้อ..


 Copyright 2026. Bcnsprnw @Library